[Event "Indywidualne Mistrzostwa Polski Juniorow do lat 18 - Dziewczeta"]
[Site "Szklarska Poreba"]
[Date "1899-12-30"]
[Round "2.6"]
[White "Sowa, Wiktoria"]
[Black "Trembowiecka-wysota, Aleksandra"]
[Result "1-0"]
[WhiteTitle "k"]
[BlackTitle "I"]
[WhiteElo "1954"]
[BlackElo "1669"]

1. e4 c5 2. Nf3 d6 3. d4 Nf6 4. Nc3 cxd4 5. Qxd4 a6 6. Bg5 Nc6 7. Qd2 e6 8. O-O-O
Be7 9. Nd4 Bd7 10. f4 h6 11. Bh4 e5 12. Nf5 Bxf5 13. exf5 Nd4 14. Bd3 b5 15. Bf2
Nc6 16. Rhe1 O-O 17. Be4 Rc8 18. Bxc6 Rxc6 19. fxe5 dxe5 20. Rxe5 Qxd2+ 21. Rxd2
Bd6 22. Rxd6 Rxd6 23. Bc5 Rc6 24. Bxf8 Kxf8 25. h3 Nd7 26. Re2 f6 27. Nd5 Ne5
28. Nb4 Rb6 29. Rd2 a5 30. Nd5 Rc6 31. Nf4 Ke7 32. Rd5 Rc4 33. g3 Re4 34. Rxb5
Nf3 35. b3 Re1+ 36. Kb2 Ng5 37. Rxa5 Rg1 38. g4 Rf1 39. Nh5 Nxh3 40. Ra7+ Kd6
41. Rxg7 Ke5 42. Re7+ Kd6 43. Re6+ Kd5 44. Rxf6 1-0

[Event "Indywidualne Mistrzostwa Polski Juniorow do lat 18 - Dziewczeta"]
[Site "Szklarska Poreba"]
[Date "1899-12-30"]
[Round "2.7"]
[White "Karlyk, Maria"]
[Black "Raczykowska, Paulina"]
[Result "1/2-1/2"]
[WhiteTitle "I"]
[BlackTitle "k"]
[WhiteElo "1725"]
[BlackElo "1936"]

1. e4 e5 2. Nf3 Nc6 3. Bc4 Bc5 4. c3 Nf6 5. d4 exd4 6. e5 d5 7. Bb5 Ne4 8. cxd4
Bb6 9. h3 O-O 10. Nc3 f5 11. O-O Be6 12. Ne2 Qe7 13. Nf4 Bf7 14. Bxc6 bxc6 15.
Nd3 c5 16. dxc5 Nxc5 17. Bg5 Qd7 18. Nxc5 Bxc5 19. Qc2 Bb6 20. Rad1 Rae8 21. Rfe1
Bh5 22. Rd3 Bxf3 23. Rxf3 Bd4 24. Bf4 c6 25. Rd3 Bb6 26. b4 Re6 27. a4 Qe7 28.
Qd2 h6 29. Bh2 Bc7 30. f4 Rb8 31. Rb3 Qd7 32. Kh1 c5 33. Bg1 d4 34. b5 Qd8 35.
Qd3 Qd5 36. Rc1 Rg6 37. Rb2 Rf8 38. Rbc2 Ba5 39. Qc4 Qxc4 40. Rxc4 Bb6 41. a5
Bxa5 42. Rxc5 d3 43. Rd5 d2 44. Ra1 Bc3 45. Rxa7 Rb8 46. Be3 1/2-1/2

[Event "Indywidualne Mistrzostwa Polski Juniorow do lat 18 - Dziewczeta"]
[Site "Szklarska Poreba"]
[Date "1899-12-30"]
[Round "2.8"]
[White "Swiech, Joanna"]
[Black "Surpeta, Julia"]
[Result "1-0"]
[WhiteTitle "k"]
[BlackTitle "I++"]
[WhiteElo "1921"]
[BlackElo "1583"]

1. d4 Nf6 2. c4 g6 3. Nc3 Bg7 4. e4 d6 5. f3 Nbd7 6. Be3 c6 7. Bd3 e5 8. d5 a5
9. Nge2 Nc5 10. Bc2 O-O 11. O-O cxd5 12. cxd5 Bd7 13. a3 Na6 14. Bd3 h5 15. Nb5
Ne8 16. Nec3 Nc5 17. Nxd6 Nxd3 18. Nxe8 Nxb2 19. Qe2 Rxe8 20. Qxb2 Qb8 21. Rfb1
Bc8 22. Qb5 Rd8 23. Bb6 Bd7 24. Qb3 Rc8 25. Na4 Qd6 26. Bf2 b5 27. Nb6 Rab8 28.
Nxc8 Bxc8 29. Rc1 Bd7 30. Qc3 Bh6 31. Qc7 Qf8 32. Rcb1 Qd8 33. Qxd8+ Rxd8 34.
Bb6 Ra8 35. Ra2 Ra6 36. Bc5 h4 37. h3 f5 38. Rc2 Kf7 39. Bf2 Bg5 40. Rc7 Ke8 41.
Rb7 Be7 42. Rb3 b4 43. axb4 axb4 44. R7xb4 Bxb4 45. Rxb4 g5 46. Rb8+ Kf7 47. Rb7
Ra1+ 48. Kh2 Ke8 49. exf5 Rd1 50. Be3 Rxd5 51. Bxg5 Bxf5 52. Bxh4 Rd4 53. Bf6
1-0

[Event "Indywidualne Mistrzostwa Polski Juniorow do lat 18 - Dziewczeta"]
[Site "Szklarska Poreba"]
[Date "1899-12-30"]
[Round "2.9"]
[White "Samujlo, Agnieszka"]
[Black "Szelag, Zuzanna"]
[Result "0-1"]
[WhiteTitle "I++"]
[BlackTitle "k"]
[WhiteElo "1419"]
[BlackElo "1977"]

1. e4 c5 2. Nf3 d6 3. d4 cxd4 4. Nxd4 Nf6 5. Nc3 a6 6. Be2 e5 7. Nb3 Be7 8. f4
b5 9. Bf3 Bb7 10. O-O O-O 11. Qd3 Nbd7 12. f5 b4 13. Nd5 Nxd5 14. exd5 a5 15.
c4 bxc3 16. Qxc3 a4 17. Nd2 Qb6+ 18. Kh1 Rfc8 19. Qa3 Qb5 20. Rd1 Bxd5 21. Ne4
Bxe4 22. Bxe4 Ra7 23. Qg3 Bf6 24. Be3 Rac7 25. Rab1 Qb4 26. Bd5 Nb6 27. a3 Qb5
28. Be4 Nc4 29. Rd5 Qd7 30. Bh6 Kh8 31. Bg5 Qe7 32. Bxf6 Qxf6 33. h3 Rb8 34. b4
Qh6 35. Qd3 Rbc8 36. Bf3 Qf4 37. Re1 h6 38. Bh5 Qh4 39. Qe2 Nxa3 40. Rxd6 Rc2
41. Qxe5 Qxh5 42. Ra6 Qg5 43. Qe4 Rc1 44. Rxc1 Qxc1+ 45. Kh2 Nb5 46. Qe5 Qc7 47.
Rxh6+ Kg8 48. Qxc7 Rxc7 49. Ra6 Ra7 0-1

[Event "Indywidualne Mistrzostwa Polski Juniorow do lat 18 - Dziewczeta"]
[Site "Szklarska Poreba"]
[Date "1899-12-30"]
[Round "2.10"]
[White "Dixa, Joanna"]
[Black "Skiba, Aleksandra"]
[Result "0-1"]
[WhiteTitle "I"]
[BlackTitle "I++"]
[WhiteElo "1337"]
[BlackElo "1743"]

1. e4 c5 2. Nf3 Nc6 3. d4 cxd4 4. Nxd4 e5 5. Nb5 d6 6. c4 Be6 7. N1c3 a6 8. Na3
Be7 9. Nc2 Rc8 10. b3 Nf6 11. Bd3 O-O 12. O-O Nd7 13. Bb2 Nc5 14. Be2 f5 15. exf5
Bxf5 16. Nd5 Bg5 17. Bg4 Ne7 18. Nxe7+ Qxe7 19. Bxf5 Rxf5 20. Qg4 Rcf8 21. Qe2
Bf4 22. g3 Bg5 23. Ne3 Bxe3 24. Qxe3 Rf3 25. Qd2 Kh8 26. Rae1 Nd3 27. Re2 Qc7
28. Bc1 h6 29. Re3 Rxf2 30. Rxf2 Nxf2 31. Re2 Ng4 32. Qd3 Qf7 33. Qd1 Nf2 34.
Qe1 Nd3 35. Qd1 Nxc1 36. Qxc1 Qf3 37. Qe1 Kg8 38. Re3 Qc6 39. Qe2 Rf6 40. Re4
Qc5+ 41. Kg2 Qa3 42. Qd2 Kf8 43. Re3 Qc5 44. Qe2 Qc6+ 45. Kg1 b5 46. Re4 Qb6+
47. Kg2 bxc4 48. bxc4 Rf7 49. Re3 Qb7+ 50. Kg1 Qb1+ 51. Kg2 Rb7 52. Rf3+ Kg8 53.
Rf2 Rb8 54. h3 Qb7+ 55. Kh2 Qc6 56. Rf3 Rb1 57. Qf2 Rb8 58. Qe2 Rc8 59. Rc3 Qc5
60. Rc2 Rb8 61. Qe4 Rc8 62. Qf5 Rf8 63. Qe6+ Kh8 64. Rg2 a5 65. Kh1 Rf1+ 66. Kh2
Rc1 67. Qe8+ Kh7 68. Qf8 Rxc4 69. Rf2 e4 70. Rf7 Rc2+ 71. Kh1 Rc1+ 72. Rf1 Rxf1+
73. Qxf1 Kg6 74. g4 Qe5 75. h4 Qf6 76. Qe1 Qf3+ 77. Kh2 Qf4+ 78. Kh3 Qf3+ 79.
Kh2 Qxg4 80. a4 Qf4+ 81. Kh3 e3 82. Qxa5 e2 83. h5+ Kh7 84. Qe1 Qf1+ 85. Qxf1
exf1=Q+ 0-1

[Event "Indywidualne Mistrzostwa Polski Juniorow do lat 18 - Dziewczeta"]
[Site "Szklarska Poreba"]
[Date "1899-12-30"]
[Round "2.11"]
[White "Ossolinska, Matylda"]
[Black "Gredka, Dominika"]
[Result "0-1"]
[WhiteTitle "I+"]
[BlackTitle "I++"]
[WhiteElo "1665"]
[BlackElo "1732"]

1. e4 c5 2. Nf3 d6 3. d4 cxd4 4. Nxd4 Nf6 5. f3 a6 6. c4 e5 7. Nb3 Be6 8. Nc3 Nbd7
9. Be3 Rc8 10. Nd2 Be7 11. Be2 Nb6 12. b3 Nbd7 13. Rc1 Qa5 14. O-O O-O 15. a4
Ne8 16. Nd5 Bxd5 17. exd5 f5 18. Rb1 Qd8 19. b4 Nef6 20. Qb3 Kh8 21. Bd3 f4 22.
Bf2 Qe8 23. Bf5 Qh5 24. Bxd7 Nxd7 25. Ne4 Nf6 26. Nxf6 Rxf6 27. Rfc1 Rg6 28. Rc2
Qh3 29. Be1 Qf5 30. Rbc1 b6 31. b5 a5 32. Re2 Re8 33. Qc2 Qh5 34. Qe4 Rf8 35.
Bc3 Rh6 36. h3 Rg6 37. Rce1 Rg3 38. Kf1 Qg5 39. Rf2 Bd8 40. Ree2 Qe7 41. Bb2 Rg6
42. Rc2 Qc7 43. Ba3 Bh4 44. Rfd2 Qd8 45. Bb2 Qg5 46. g4 fxg3 47. Kg2 Qd8 48. Ba3
Bg5 49. Rd3 Bf4 50. Bc1 Rh6 51. Rd1 Rh4 52. Qe2 Qc8 53. Rh1 Bxc1 54. Rcxc1 e4
55. Rcf1 Rhf4 56. Kxg3 exf3 57. Qe6 Qc5 58. Rf2 R4f6 59. Qe1 Qxc4 60. Rhf1 Qf4#
0-1

[Event "Indywidualne Mistrzostwa Polski Juniorow do lat 18 - Dziewczeta"]
[Site "Szklarska Poreba"]
[Date "1899-12-30"]
[Round "2.12"]
[White "Moscicka, Pola"]
[Black "Zamarska, Sylwia"]
[Result "1-0"]
[WhiteTitle "k++"]
[BlackTitle "I++"]
[WhiteElo "1994"]
[BlackElo "1657"]

1. d4 f5 2. g3 e6 3. Bg2 Nf6 4. Nf3 h6 5. h4 Be7 6. O-O O-O 7. c4 d6 8. b3 Nbd7
9. Bb2 Ne4 10. Nfd2 Ndf6 11. Nc3 d5 12. Nf3 Nxc3 13. Bxc3 b6 14. Ne5 Bb7 15. Rc1
Ne4 16. e3 Rc8 17. Qe2 dxc4 18. bxc4 Nxc3 19. Rxc3 Bxg2 20. Kxg2 Qe8 21. h5 Bf6
22. Ng6 Rf7 23. f4 Rd7 24. Rd1 Rcd8 25. Rcd3 Rd6 26. Ne5 c5 27. Qf3 Qa4 28. d5
exd5 29. Rxd5 Rxd5 30. Rxd5 Qe8 31. Kh3 Kh7 32. g4 Qe6 33. Rxd8 Bxd8 34. gxf5
Qxf5+ 35. Qg4 Qxg4+ 36. Kxg4 Bf6 37. Nc6 a6 38. a4 Kg8 39. Kf5 Kf7 40. e4 Bh4
41. Nb8 a5 42. Nc6 Bf2 43. e5 Bg3 44. Kg4 Be1 45. f5 Bc3 46. Kf4 Ke8 47. Ke4 Kd7
48. Kd5 Bb2 49. e6+ Kc7 50. Ne5 Kd8 51. Kd6 Bc3 52. Nd7 1-0

[Event "Indywidualne Mistrzostwa Polski Juniorow do lat 18 - Dziewczeta"]
[Site "Szklarska Poreba"]
[Date "1899-12-30"]
[Round "2.13"]
[White "Pyzio, Amelia"]
[Black "Trusz, Julia"]
[Result "1/2-1/2"]
[WhiteTitle "I++"]
[BlackTitle "I+"]
[WhiteElo "1760"]
[BlackElo "1635"]

1. e4 c5 2. Nf3 e6 3. d4 cxd4 4. Nxd4 Nc6 5. Nc3 a6 6. Nxc6 bxc6 7. Bd3 e5 8. O-O
Nf6 9. Bg5 Be7 10. Ne2 d5 11. Ng3 O-O 12. Be3 Qc7 13. Nh5 Ng4 14. Bd2 dxe4 15.
Bxe4 f5 16. Bf3 Nf6 17. Bc3 Nxh5 18. Bxh5 Be6 19. Be2 Bd5 20. Re1 Bd6 21. h3 Rf6
22. Bf1 Rg6 23. Qh5 Qf7 24. Kh1 Re6 25. Qxf7+ Kxf7 26. Rad1 a5 27. a3 a4 28. Kg1
Rb8 29. Re3 Rbe8 30. Bb5 Rg6 31. Rxd5 cxd5 32. Bxe8+ Kxe8 33. Bxe5 Kd7 34. Bxd6
Rxd6 35. b3 axb3 36. cxb3 Ra6 37. b4 Kd6 38. Kf1 d4 39. Rf3 g6 40. Ke2 Kd5 41.
Kd2 Kc4 42. Rd3 Rd6 43. Kc2 Rd7 44. Kd2 Rd6 45. Rf3 Rd7 46. g4 fxg4 47. hxg4 Ra7
48. Rh3 1/2-1/2

[Event "Indywidualne Mistrzostwa Polski Juniorow do lat 18 - Dziewczeta"]
[Site "Szklarska Poreba"]
[Date "1899-12-30"]
[Round "2.14"]
[White "Krzywnicka, Maria"]
[Black "Kindler, Karolina"]
[Result "1/2-1/2"]
[WhiteTitle "I++"]
[BlackTitle "I++"]
[WhiteElo "1703"]
[BlackElo "1604"]

1. e4 d5 2. exd5 Nf6 3. d4 Nxd5 4. c4 Nb6 5. Nc3 Bf5 6. Be3 e6 7. h3 Be7 8. Nf3
Bf6 9. Be2 Nc6 10. O-O O-O 11. Qd2 Qe7 12. Rfd1 Rfd8 13. c5 Nd7 14. Qc1 Nb4 15.
Rd2 c6 16. a3 Nd5 17. Nxd5 exd5 18. Bf4 Nf8 19. Bd3 Bxd3 20. Rxd3 Qe4 21. Qd2
Ne6 22. Bg3 Ng5 23. Nxg5 Bxg5 24. f4 Bf6 25. Re1 Qg6 26. Kh2 h5 27. Rb3 h4 28.
Bf2 Rab8 29. Rf3 Qf5 30. Qd3 Qxd3 31. Rxd3 Re8 32. Rxe8+ Rxe8 33. Rb3 Re4 34.
Rxb7 Rxf4 35. Kg1 Bxd4 36. Bxd4 Rxd4 37. b4 a5 38. b5 Rc4 39. bxc6 Rxc5 40. Rd7
Rxc6 41. Rxd5 Rc1+ 42. Kh2 f6 43. Rxa5 Ra1 44. Ra4 g5 45. Ra7 Kf8 1/2-1/2

[Event "Indywidualne Mistrzostwa Polski Juniorow do lat 18 - Dziewczeta"]
[Site "Szklarska Poreba"]
[Date "1899-12-30"]
[Round "2.15"]
[White "Sivickis, Wiktoria"]
[Black "Koruch, Maria"]
[Result "1/2-1/2"]
[WhiteTitle "I++"]
[BlackTitle "I+"]
[WhiteElo "1611"]
[BlackElo "1685"]

1. e4 c5 2. Nf3 Nc6 3. d4 cxd4 4. Nxd4 Nf6 5. Nc3 e5 6. Ndb5 d6 7. Nd5 Nxd5 8.
exd5 Nb8 9. c4 Be7 10. g3 O-O 11. Bg2 a6 12. Nc3 Nd7 13. O-O f5 14. Re1 Bf6 15.
Be3 e4 16. Bd4 Ne5 17. Bxe5 Bxe5 18. Rc1 Qf6 19. Qd2 b5 20. cxb5 axb5 21. a3 Rb8
22. Rc2 b4 23. axb4 Rxb4 24. Rec1 Ba6 25. Bf1 Bxf1 26. Kxf1 f4 27. Ne2 fxg3 28.
Nxg3 Rd4 29. Qe2 e3 30. Rc8 exf2 31. Rxf8+ Qxf8 32. Rc2 Rf4 33. Nh1 Qa8 34. Nxf2
Qxd5 35. Rc8+ Kf7 36. Qh5+ g6 37. Qxh7+ Kf6 38. Rf8+ Kg5 39. h4+ Rxh4 40. Qe7+
Kh5 41. Qh7+ Kg5 42. Qe7+ Kh5 43. Qh7+ Kg5 1/2-1/2

[Event "Indywidualne Mistrzostwa Polski Juniorow do lat 18 - Dziewczeta"]
[Site "Szklarska Poreba"]
[Date "1899-12-30"]
[Round "2.16"]
[White "Orlik, Sandra"]
[Black "Bohdanowicz, Nikola"]
[Result "1-0"]
[WhiteTitle "I++"]
[BlackTitle "I"]
[WhiteElo "1681"]
[BlackElo "1402"]

1. e4 c5 2. Nf3 Nc6 3. d4 cxd4 4. Nxd4 e5 5. Nb5 d6 6. c4 Nf6 7. N1c3 a6 8. Na3
Be7 9. Nc2 Be6 10. Be2 O-O 11. O-O Nd7 12. Be3 f5 13. exf5 Bxf5 14. Bd3 Kh8 15.
b4 Bxd3 16. Qxd3 Nf6 17. a4 Rc8 18. a5 Qd7 19. Bb6 Qg4 20. f3 Qe6 21. Rab1 Nb8
22. Ne3 Nbd7 23. Ncd5 Nxd5 24. Nxd5 Nf6 25. Nxe7 Qxe7 26. Rfd1 e4 27. fxe4 Qxe4
28. Qxe4 Nxe4 29. Rbc1 h6 30. Rd4 Rfe8 31. Re1 d5 32. cxd5 Nd6 33. Rxe8+ Rxe8
34. Kf2 Kg8 35. Bc5 Re4 36. Rxe4 Nxe4+ 37. Ke3 Nf6 38. Kd4 Kf7 39. h3 Ke8 40.
g4 Nd7 41. Bd6 Kf7 42. Kc4 Kf6 43. b5 Kg5 44. bxa6 bxa6 45. Bg3 Kf6 46. Kd4 g6
47. Bh4+ g5 48. Bg3 Ke7 49. Bc7 Kf6 50. Bd8+ Kf7 51. Ke4 Ke8 52. Bc7 Ke7 53. Kf5
Kf7 54. d6 Nc5 55. Ke5 Nd7+ 56. Kd5 Kf6 57. Bd8+ Kf7 58. Be7 Nb8 59. Bd8 Nd7 60.
Bc7 Kf6 61. Kc6 Ke6 62. Bb6 Ne5+ 63. Kc7 Nd7 64. Bd4 h5 65. gxh5 Nf8 66. h6 Kf7
67. Bg7 Ne6+ 68. Kc8 Nc5 69. Bd4 Ne6 70. h7 Nxd4 71. h8=Q Ne6 72. Kd7 1-0

[Event "Indywidualne Mistrzostwa Polski Juniorow do lat 18 - Dziewczeta"]
[Site "Szklarska Poreba"]
[Date "1899-12-30"]
[Round "2.17"]
[White "Hryn, Zofia"]
[Black "Dwilewicz, Agata"]
[Result "0-1"]
[WhiteTitle "I++"]
[BlackTitle "k"]
[WhiteElo "1592"]
[BlackElo "1674"]

1. c4 c5 2. Nc3 Nc6 3. g3 g6 4. Bg2 Bg7 5. a3 d6 6. e3 e6 7. Rb1 a5 8. Nge2 Nge7
9. Nf4 O-O 10. O-O Rb8 11. d3 Bd7 12. Bd2 Ne5 13. Qc2 Bc6 14. b4 axb4 15. axb4
Bxg2 16. Kxg2 b6 17. Nb5 Qd7 18. h4 d5 19. h5 dxc4 20. dxc4 Rfc8 21. hxg6 hxg6
22. Bc3 cxb4 23. Bxe5 Qc6+ 24. e4 Bxe5 25. Rxb4 Rd8 26. f3 Rd7 27. Nd3 Bg7 28.
Rb3 Rc8 29. Rc1 g5 30. Nb4 Qb7 31. Ra3 Rcd8 32. Nd3 g4 33. Ra7 gxf3+ 34. Kf2 Qxe4
35. Rxd7 Rxd7 36. Nb4 Qg4 37. Rh1 Nf5 38. Rg1 Bh6 0-1

[Event "Indywidualne Mistrzostwa Polski Juniorow do lat 18 - Dziewczeta"]
[Site "Szklarska Poreba"]
[Date "1899-12-30"]
[Round "2.18"]
[White "Bilczewska, Olga"]
[Black "Borsuk, Aleksandra"]
[Result "1-0"]
[WhiteTitle "I+"]
[BlackTitle "I"]
[WhiteElo "1670"]
[BlackElo "1307"]

1. e4 e6 2. Qe2 c6 3. Nf3 d5 4. d3 g6 5. g3 Bg7 6. Bg2 Nf6 7. O-O O-O 8. c3 c5
9. Bg5 h6 10. Bf4 g5 11. Bd2 Nc6 12. Na3 a6 13. Nc2 b5 14. e5 Nd7 15. d4 cxd4
16. cxd4 Nb6 17. b3 Bd7 18. h4 f6 19. exf6 Bxf6 20. hxg5 hxg5 21. Bh3 Re8 22.
Rfe1 e5 23. Bxd7 Nxd7 24. Rad1 exd4 25. Qd3 Nde5 26. Nxe5 Nxe5 27. Qf5 Qe7 28.
Nxd4 Qg7 29. Ne6 Qd7 30. Qxf6 Rxe6 31. Qxg5+ Ng6 32. Rxe6 Qxe6 33. Be3 Kf7 34.
Qxd5 1-0

[Event "Indywidualne Mistrzostwa Polski Juniorow do lat 18 - Dziewczeta"]
[Site "Szklarska Poreba"]
[Date "1899-12-30"]
[Round "2.19"]
[White "Borek, Dominika"]
[Black "Guzik, Natalia"]
[Result "0-1"]
[WhiteTitle "I"]
[BlackTitle "I++"]
[WhiteElo "1282"]
[BlackElo "1662"]

1. d4 d5 2. Nf3 Nf6 3. Bf4 e6 4. e3 Nbd7 5. c4 Be7 6. Nc3 a6 7. Bd3 dxc4 8. Bxc4
b5 9. Bb3 O-O 10. O-O Bb7 11. Bc2 c5 12. dxc5 Nxc5 13. Qxd8 Rfxd8 14. Rfd1 Rxd1+
15. Rxd1 b4 16. Ne2 Bd5 17. b3 Rc8 18. Ned4 Nh5 19. Bg3 Nxg3 20. hxg3 Ne4 21.
Bxe4 Bxe4 22. Ne1 h6 23. Kf1 Rc5 24. Ke2 Bf6 25. Ndf3 Ra5 26. Nd2 Rxa2 27. f3
Bd5 28. Kd3 Rb2 29. e4 Bxb3 30. Nxb3 Rxb3+ 31. Kc4 Rb2 32. Rc1 Bc3 33. Rc2 a5
34. Rxb2 Bxb2 35. Nd3 Bf6 36. Kb3 Bd8 37. Nc5 Kf8 38. Kc4 Ke7 39. Kb3 Bc7 40.
g4 Kf6 41. Nd3 Kg5 42. Kc2 Kh4 43. Kd2 Kg3 44. Ke2 Bd6 45. Nb2 b3 46. Na4 Be5
0-1

[Event "Indywidualne Mistrzostwa Polski Juniorow do lat 18 - Dziewczeta"]
[Site "Szklarska Poreba"]
[Date "1899-12-30"]
[Round "3.1"]
[White "Choinska, Debora"]
[Black "Sowa, Wiktoria"]
[Result "0-1"]
[WhiteTitle "I++"]
[BlackTitle "k"]
[WhiteElo "1717"]
[BlackElo "1954"]

1. e4 c5 2. Nf3 Nc6 3. d4 cxd4 4. Nxd4 Nf6 5. Nc3 e5 6. Ndb5 d6 7. a4 a6 8. Na3
Be6 9. Bg5 Qb6 10. Rb1 Qb4 11. Bxf6 gxf6 12. Qd2 O-O-O 13. Bd3 Rg8 14. f3 d5 15.
exd5 Bxd5 16. O-O Bc5+ 17. Kh1 Rg5 18. Ne4 Qxd2 19. Nxd2 Rdg8 20. g3 f5 21. c3
f4 22. g4 Ne7 23. b4 Be3 24. Ndc4 Rxg4 25. Nxe3 fxe3 26. c4 Rg1+ 27. Rxg1 Bxf3+
28. Rg2 Rxg2 29. h3 Rd2+ 30. Kg1 Rxd3 31. Nc2 e2 32. Re1 Nf5 33. Kf2 Bh5 34. c5
Rxh3 35. b5 axb5 36. axb5 e4 37. Kg2 Rg3+ 38. Kh2 Rc3 39. Na1 Nd4 40. Kg2 f5 41.
Kf2 f4 0-1

[Event "Indywidualne Mistrzostwa Polski Juniorow do lat 18 - Dziewczeta"]
[Site "Szklarska Poreba"]
[Date "1899-12-30"]
[Round "3.2"]
[White "Sliwicka, Alicja"]
[Black "Swiech, Joanna"]
[Result "1/2-1/2"]
[WhiteTitle "WIM"]
[BlackTitle "k"]
[WhiteElo "2264"]
[BlackElo "1921"]

1. e4 c6 2. d4 d5 3. e5 c5 4. dxc5 e6 5. Be3 Nd7 6. c4 dxc4 7. Bxc4 Nxe5 8. Qxd8+
Kxd8 9. Be2 Nd7 10. Nc3 Bxc5 11. Bxc5 Nxc5 12. O-O-O Ke7 13. Bf3 Nf6 14. Nge2
Rb8 15. Nd4 Bd7 16. Rhe1 Rhd8 17. Kb1 g6 18. g4 h6 19. h4 Na4 20. Nce2 Nb6 21.
Nc3 Na4 22. Nce2 Nb6 23. Nc3 Na4 24. Nce2 Nb6 25. Nc3 Na4 26. Nce2 Nb6 27. Nc3
Na4 28. Nce2 Nb6 29. Nc3 Na4 30. Nce2 Nb6 1/2-1/2

[Event "Indywidualne Mistrzostwa Polski Juniorow do lat 18 - Dziewczeta"]
[Site "Szklarska Poreba"]
[Date "1899-12-30"]
[Round "3.3"]
[White "Skiba, Aleksandra"]
[Black "Kucharska, Honorata"]
[Result "0-1"]
[WhiteTitle "I++"]
[BlackTitle "WFM"]
[WhiteElo "1743"]
[BlackElo "2089"]

1. e4 e5 2. Nf3 Nc6 3. Bb5 a6 4. Bxc6 dxc6 5. O-O Bg4 6. h3 h5 7. d3 Qf6 8. Nbd2
g5 9. Nc4 Bxf3 10. Qxf3 Qxf3 11. gxf3 f6 12. h4 b5 13. Na5 Ne7 14. Kh2 Rg8 15.
Rg1 Bh6 16. Be3 Kd7 17. Rg2 Ng6 18. hxg5 Nh4 19. Rg3 fxg5 20. Nb3 Rg6 21. Nd2
Rag8 22. Rag1 g4 23. Bxh6 Rxh6 24. Re1 Ng6 25. Nf1 Nf4 26. Ne3 Rhg6 27. Nf5 c5
28. Nh4 Rg5 29. Re3 Ke6 30. Kg1 c4 31. Kf1 cxd3 32. cxd3 c5 33. Ke1 Rd8 34. fxg4
Rxg4 35. Rxg4 hxg4 36. b3 Nxd3+ 37. Kf1 Nf4 38. Ke1 Rh8 39. Nf5 Ng2+ 0-1

[Event "Indywidualne Mistrzostwa Polski Juniorow do lat 18 - Dziewczeta"]
[Site "Szklarska Poreba"]
[Date "1899-12-30"]
[Round "3.4"]
[White "Rudzinska, Michalina"]
[Black "Buchta, Agnieszka"]
[Result "1-0"]
[WhiteTitle "WFM"]
[BlackTitle "I++"]
[WhiteElo "2065"]
[BlackElo "1792"]

1. e4 c5 2. Nf3 e6 3. d4 cxd4 4. Nxd4 Nf6 5. Bd3 d6 6. O-O Be7 7. Nc3 O-O 8. Be3
Nc6 9. f4 e5 10. Nxc6 bxc6 11. Be2 exf4 12. Rxf4 Be6 13. Qe1 Nd7 14. Rf1 Ne5 15.
Rd1 Ng6 16. Kh1 Bf6 17. Bd4 Bxd4 18. Rxd4 Qe7 19. Qg3 Rad8 20. Bf3 Rd7 21. Nd1
Qh4 22. Qxh4 Nxh4 23. Ne3 Rb8 24. b3 Rbd8 25. c4 Nxf3 26. gxf3 d5 27. exd5 cxd5
28. c5 a5 29. a3 Kf8 30. b4 axb4 31. axb4 Rb8 32. Rb1 Rdb7 33. Nd1 Bd7 34. Kg2
Bc6 35. Nc3 g6 36. Kf2 Ke7 37. Ke3 h5 38. Kd2 Kf6 39. Rb2 Ke5 40. Ne2 Bb5 41.
Kc3 Ra7 42. f4+ Ke6 43. Rd1 Ra3+ 44. Kd4 Bc4 45. Nc3 Rb3 46. Rxb3 Bxb3 47. Re1+
Kd7 48. b5 Bc4 49. Ra1 Rxb5 50. Nxb5 Bxb5 51. Kxd5 Bc6+ 52. Ke5 Bb5 53. Ra7+ Kc6
54. Kd4 f6 55. Rf7 f5 56. Rf6+ Kd7 57. Rxg6 Be2 58. c6+ Kc7 59. Kc5 Bf3 60. Rg7+
Kd8 61. Kd6 1-0

[Event "Indywidualne Mistrzostwa Polski Juniorow do lat 18 - Dziewczeta"]
[Site "Szklarska Poreba"]
[Date "1899-12-30"]
[Round "3.5"]
[White "Frej, Zofia"]
[Black "Leczek, Weronika"]
[Result "1-0"]
[WhiteTitle "k"]
[BlackTitle "k"]
[WhiteElo "2010"]
[BlackElo "1823"]

1. e4 c5 2. Nf3 Nc6 3. d4 cxd4 4. Nxd4 Nf6 5. Nc3 d6 6. Bc4 Qb6 7. Nf3 a6 8. O-O
e6 9. Qe2 Be7 10. Bb3 O-O 11. h3 Qc7 12. Bf4 b5 13. Rad1 Rd8 14. Qe3 Nd7 15. Ne2
Nb6 16. e5 d5 17. Nfd4 Bb7 18. Nxc6 Qxc6 19. Nd4 Qc7 20. c3 Nc4 21. Qe2 Rac8 22.
Rd3 Bf8 23. Rg3 Re8 24. Bxc4 dxc4 25. Bg5 Kh8 26. Re1 Be7 27. Qg4 Bxg5 28. Qxg5
Rg8 29. Rg4 Qd8 30. Qh5 g6 31. Qh6 Qe7 32. Qe3 Rg7 33. Rf4 Qg5 34. Nf3 Qe7 35.
Rd4 Bd5 36. Ng5 Qc7 37. Qf4 Rd8 38. Qf6 Rf8 39. Red1 Qb7 40. f3 h6 41. Rh4 h5
42. g4 Kg8 43. Kf2 Qb6+ 44. Rd4 hxg4 45. hxg4 b4 46. Kg3 bxc3 47. Rd1 Bxf3 48.
Nxf3 g5 49. Rh6 Qe3 50. bxc3 1-0

[Event "Indywidualne Mistrzostwa Polski Juniorow do lat 18 - Dziewczeta"]
[Site "Szklarska Poreba"]
[Date "1899-12-30"]
[Round "3.6"]
[White "Szelag, Zuzanna"]
[Black "Karlyk, Maria"]
[Result "1-0"]
[WhiteTitle "k"]
[BlackTitle "I"]
[WhiteElo "1977"]
[BlackElo "1725"]

1. e4 c5 2. Nf3 d6 3. d4 cxd4 4. Nxd4 Nf6 5. Nc3 Bd7 6. Bc4 e6 7. Bb3 a6 8. Be3
Bc6 9. Nxc6 Nxc6 10. a4 Be7 11. O-O O-O 12. Qe2 Qc7 13. Rad1 Rad8 14. f4 Rfe8
15. Kh1 Qa5 16. f5 exf5 17. Rxf5 Ne5 18. Nd5 Nxd5 19. Rxd5 Qc7 20. a5 g6 21. Rf1
Qd7 22. Bb6 Rc8 23. Bd4 Qg4 24. Qf2 Bh4 25. Qe3 Bg5 26. Qf2 Re7 27. Rxd6 Bh4 28.
Qf4 Qxf4 29. Rxf4 Bg5 30. Bxe5 Bxf4 31. Bxf4 Rxe4 32. Bg3 Re7 33. h3 Rc5 34. Bh4
g5 35. Rd8+ Kg7 36. Bf2 Rxa5 37. Bd4+ Kh6 38. Rd6+ Kh5 39. Rf6 g4 40. Bxf7+ Kg5
41. Rf1 Re4 42. Bc3 Rc5 43. hxg4 Kxg4 44. Rf3 Rf5 45. Bg8 Rh5+ 46. Kg1 Re2 47.
Bb3 Rf5 48. Bc4 Re7 49. Bb4 Re8 50. Rxf5 Kxf5 51. Bd3+ Kf4 52. Bxh7 b6 53. Kf2
a5 54. Bd2+ Kg4 55. g3 Rh8 56. Be4 Rf8+ 57. Bf4 b5 58. Bd3 b4 59. b3 Ra8 60. Bb5
Rf8 61. Bd7+ Kh5 62. Ke3 Rd8 63. Bc6 Rc8 64. Bf3+ Kg6 65. Be4+ Kf6 66. g4 1-0

[Event "Indywidualne Mistrzostwa Polski Juniorow do lat 18 - Dziewczeta"]
[Site "Szklarska Poreba"]
[Date "1899-12-30"]
[Round "3.7"]
[White "Raczykowska, Paulina"]
[Black "Michalska, Aleksandra"]
[Result "1/2-1/2"]
[WhiteTitle "k"]
[BlackTitle "I++"]
[WhiteElo "1936"]
[BlackElo "1741"]

1. e4 e5 2. Nf3 Nc6 3. d4 exd4 4. Nxd4 Qh4 5. Nc3 Bb4 6. Be2 Qxe4 7. Ndb5 Bxc3+
8. bxc3 Kd8 9. O-O Nf6 10. Bg5 a6 11. Nd4 Nxd4 12. cxd4 d5 13. Bf3 Qf5 14. Bxf6+
gxf6 15. g3 h5 16. h4 Be6 17. Rb1 Rb8 18. Rb3 Kd7 19. Qe2 Qg6 20. Qd2 b6 21. Qe2
Ra8 22. Re1 Qf5 23. Ra3 b5 24. Rc3 c6 25. Rc5 Kd6 26. Qe3 Rhb8 27. Qc3 Rb6 28.
Qb4 Kd7 29. Re3 a5 30. Qe1 Rba6 31. Qe2 Rb6 32. Bxh5 Qh7 33. Bg4 f5 34. Bh3 Rg8
35. Kf1 Qg7 36. Re5 f4 37. Rxe6 fxe6 38. Bxe6+ Kd8 39. Bxg8 Qxd4 40. Qh5 Qxc5
41. Qg5+ Kd7 42. Qf5+ Kd8 43. gxf4 Rb7 44. Qf6+ Re7 45. Bh7 Kd7 46. Bd3 d4 47.
h5 Qd5 48. Bf5+ Kd8 49. Kg1 Ke8 50. Bg6+ Kd7 1/2-1/2

[Event "Indywidualne Mistrzostwa Polski Juniorow do lat 18 - Dziewczeta"]
[Site "Szklarska Poreba"]
[Date "1899-12-30"]
[Round "3.8"]
[White "Gredka, Dominika"]
[Black "Kulpa, Zuzanna"]
[Result "1/2-1/2"]
[WhiteTitle "I++"]
[BlackTitle "I++"]
[WhiteElo "1732"]
[BlackElo "1870"]

1. e4 c5 2. Nf3 d6 3. c3 Nf6 4. Bd3 Bg4 5. Bc2 Nc6 6. d3 e6 7. O-O Be7 8. Nbd2
d5 9. h3 Bh5 10. Re1 Qc7 11. Qe2 O-O 12. Kh1 b5 13. Rg1 a5 14. g4 Bg6 15. Nf1
b4 16. e5 Nd7 17. d4 Bxc2 18. Qxc2 bxc3 19. bxc3 f6 20. exf6 Bxf6 21. Be3 Be7
22. Qe2 e5 23. Ng3 e4 24. Nd2 g6 25. Rab1 cxd4 26. cxd4 Nb4 27. Rb2 Nd3 28. Rbb1
Bd6 29. Ra1 Rab8 30. Nb3 Rf7 31. Rab1 Rbf8 32. Rbf1 Rf3 33. Nd2 Qc2 34. Nxf3 Qxe2
35. Nxe2 Rxf3 36. Kg2 Nb6 37. Nc1 Nb4 1/2-1/2

[Event "Indywidualne Mistrzostwa Polski Juniorow do lat 18 - Dziewczeta"]
[Site "Szklarska Poreba"]
[Date "1899-12-30"]
[Round "3.9"]
[White "Trembowiecka-wysota, Aleksandra"]
[Black "Kaczmarska, Joanna"]
[Result "0-1"]
[WhiteTitle "I"]
[BlackTitle "k+"]
[WhiteElo "1669"]
[BlackElo "2048"]

1. e4 e6 2. d4 d5 3. exd5 exd5 4. Nf3 Bd6 5. c4 Nf6 6. Nc3 O-O 7. cxd5 Re8+ 8.
Be2 Nbd7 9. O-O Nb6 10. Bg5 Be7 11. Bxf6 Bxf6 12. Bb5 Rf8 13. Ne5 Bf5 14. Qf3
g6 15. Rad1 Bg7 16. Rfe1 a6 17. Bf1 h5 18. h3 Bh6 19. Bd3 Bxd3 20. Nxd3 Kg7 21.
Nc5 Rb8 22. a4 Nc4 23. b3 Nd6 24. Qg3 Nf5 25. Qe5+ Kg8 26. b4 Bg7 27. Qf4 Bh6
28. Qe5 Bg7 29. Qf4 Nd6 30. Re2 Ra8 0-1